Introducing global issues

שמור ב:
מידע ביבליוגרפי
פורמט: ספר
יצא לאור: 2002
תגים: הוספת תג
אין תגיות, היה/י הראשונ/ה לתייג את הרשומה!
Thư viện lưu trữ: Mạng thư viện Đại học Đà Nẵng
LEADER 00431nam a22001811a 4500
001 000037805
003 14100
005 20160412021145.0
008 160412s2002 000
082 |a 4A(07)1228 
245 |a Introducing global issues  |c M.T. Snare 
260 |c 2002 
OWN |a LNN 
999 |a From the UDN01 
TYP |a Monograph 
980 |a Mạng thư viện Đại học Đà Nẵng